| 000 | 01233nam a22002177a 4500 | ||
|---|---|---|---|
| 999 |
_c59792 _d59792 |
||
| 003 | Ge_BSU | ||
| 005 | 20230419121117.0 | ||
| 008 | 230419s2013 ge ||||| |||| 00| 0 geo d | ||
| 020 | _a9789941446412 | ||
| 041 | _ageo | ||
| 080 | _a821.353.1-94 ყ-57 | ||
| 100 |
_aყიფშიძე, იოსებ _913175 |
||
| 245 |
_aდღიურები, ჩანაწერები / _cიოსებ ყიფშიძე, ევგენია ეგაძე-ყიფშიძისა, დავით ყიფშიძე; შემდგ.-რედ. ეთერ ქავთარაძე. |
||
| 264 |
_aთბილისი : _bინტელექტი, _c2013. |
||
| 300 |
_a202 გვ. ; _b20 სმ. |
||
| 500 | _aეძღვნება ივანე ჯავახიშვლის თბილისის სახელმწიფო უნივერსიტეტის დაარსებიდან 95 წლისთავს | ||
| 653 | _aდღიურები, ჩანაწერები | ||
| 700 |
_aყიფშიძე, ევგენია _eავტორი _917674 |
||
| 700 |
_aყიფშიძე, დავით _eავტორი _917675 |
||
| 942 |
_2udc _cBK |
||